00496nam a2200157Ia 450000500170000000800410001708200210005810000180007924500330009726000260013030000120015650000520016894200060022095200970022699900150032320250213035936.0240331s9999 xx 000 0 und d bSHA25687a305.4 aShahani, R. G 0aAllan:bHer Infinite Variety aMumbaibSPARROWc2000 a108 p., aA story about a mother written by her daughter. cL 001040708LaWERCLbWERCLcSSCd2024-03-31l0o 305.4 SHAp5687r2024-03-31w2024-03-31yL c1710d1710